<?xml version="1.0" encoding="UTF-8"?>
<collection xmlns="http://www.loc.gov/MARC21/slim">
<record>
  <controlfield tag="001">144124</controlfield>
  <controlfield tag="005">20240827160745.0</controlfield>
  <datafield tag="037" ind1=" " ind2=" ">
    <subfield code="a">GDOC-2022-66114</subfield>
  </datafield>
  <datafield tag="970" ind1=" " ind2=" ">
    <subfield code="a">GDOC-2022-66114</subfield>
  </datafield>
  <datafield tag="041" ind1=" " ind2=" ">
    <subfield code="a">spa</subfield>
  </datafield>
  <datafield tag="041" ind1=" " ind2=" ">
    <subfield code="a">eng</subfield>
  </datafield>
  <datafield tag="540" ind1=" " ind2=" ">
    <subfield code="a">by-nc-sa</subfield>
    <subfield code="b">Creative Commons</subfield>
    <subfield code="c">3.0</subfield>
    <subfield code="u">http://creativecommons.org/licenses/by-nc-sa/3.0/</subfield>
  </datafield>
  <datafield tag="260" ind1=" " ind2=" ">
    <subfield code="a">Zaragoza</subfield>
    <subfield code="b">Universidad de Zaragoza</subfield>
    <subfield code="c">2022-2023</subfield>
  </datafield>
  <datafield tag="245" ind1="0" ind2="0">
    <subfield code="9">66114</subfield>
    <subfield code="a">Caracterización I: Técnicas físico-químicas</subfield>
  </datafield>
  <datafield tag="242" ind1="0" ind2="0">
    <subfield code="9">66114</subfield>
    <subfield code="a">Characterization I: Physical-chemical Techniques</subfield>
  </datafield>
  <datafield tag="100" ind1=" " ind2=" ">
    <subfield code="0">(orcid)0000-0002-5999-341X</subfield>
    <subfield code="a">Ana Belén Arauzo, García</subfield>
    <subfield code="1">331114</subfield>
  </datafield>
  <datafield tag="700" ind1=" " ind2=" ">
    <subfield code="0">(orcid)0000-0002-0047-1772</subfield>
    <subfield code="a">José Fernando Bartolomé, Usieto</subfield>
    <subfield code="1">141547</subfield>
  </datafield>
  <datafield tag="700" ind1=" " ind2=" ">
    <subfield code="0">(orcid)0000-0003-2800-6845</subfield>
    <subfield code="a">María Bernechea, Navarro</subfield>
    <subfield code="1">773061</subfield>
  </datafield>
  <datafield tag="700" ind1=" " ind2=" ">
    <subfield code="0">(orcid)0000-0002-0444-996X</subfield>
    <subfield code="a">Lawrence Rocco Falvello,  </subfield>
    <subfield code="1">385420</subfield>
  </datafield>
  <datafield tag="700" ind1=" " ind2=" ">
    <subfield code="0">(orcid)0000-0002-4758-9380</subfield>
    <subfield code="a">María Reyes Mallada, Viana</subfield>
    <subfield code="1">322994</subfield>
  </datafield>
  <datafield tag="700" ind1=" " ind2=" ">
    <subfield code="0">(orcid)0000-0002-5331-9758</subfield>
    <subfield code="a">Noelia Marcano, Aguado</subfield>
    <subfield code="1">587258</subfield>
  </datafield>
  <datafield tag="700" ind1=" " ind2=" ">
    <subfield code="0">(orcid)0000-0003-0602-492X</subfield>
    <subfield code="a">Clara Isabel Marquina, Garcia</subfield>
    <subfield code="1">118994</subfield>
  </datafield>
  <datafield tag="700" ind1=" " ind2=" ">
    <subfield code="0">(orcid)0000-0001-9193-3874</subfield>
    <subfield code="a">Santiago Martín, Solans</subfield>
    <subfield code="1">401403</subfield>
  </datafield>
  <datafield tag="700" ind1=" " ind2=" ">
    <subfield code="0">(orcid)0000-0002-0111-8284</subfield>
    <subfield code="a">José Angel Pardo, Gracia</subfield>
    <subfield code="1">300489</subfield>
  </datafield>
  <datafield tag="700" ind1=" " ind2=" ">
    <subfield code="0">(orcid)0000-0003-1029-3751</subfield>
    <subfield code="a">Javier Rubín, Llera</subfield>
    <subfield code="1">363968</subfield>
  </datafield>
  <datafield tag="700" ind1=" " ind2=" ">
    <subfield code="a">María Isabel Sánchez, de los Santos</subfield>
    <subfield code="1">862905</subfield>
  </datafield>
  <datafield tag="830" ind1=" " ind2=" ">
    <subfield code="9">539</subfield>
  </datafield>
  <datafield tag="856" ind1="4" ind2=" ">
    <subfield code="s">19895</subfield>
    <subfield code="u">http://zaguan.unizar.es/record/144124/files/guia-66114-en.pdf</subfield>
    <subfield code="y">Guide (english)</subfield>
  </datafield>
  <datafield tag="521" ind1=" " ind2=" ">
    <subfield code="9">637</subfield>
    <subfield code="a">Máster Universitario en Materiales Nanoestructurados para Aplicaciones Nanotecnológicas</subfield>
    <subfield code="b">Master's in Nanostructured Materials for Nanotechnology Applications</subfield>
  </datafield>
  <datafield tag="980" ind1=" " ind2=" ">
    <subfield code="a">GDOC</subfield>
    <subfield code="b">Sciences</subfield>
    <subfield code="b">Ciencias</subfield>
    <subfield code="c">100</subfield>
  </datafield>
</record>
</collection>